Basic semiconductor physics / (Record no. 29092)

000 -LEADER
fixed length control field 00510 a2200157 4500
020 ## - INTERNATIONAL STANDARD BOOK NUMBER
International Standard Book Number 3642033024
020 ## - INTERNATIONAL STANDARD BOOK NUMBER
International Standard Book Number 9783642033025
082 04 - DEWEY DECIMAL CLASSIFICATION NUMBER
Classification number 537.622
090 ## - LOCALLY ASSIGNED LC-TYPE CALL NUMBER (OCLC); LOCAL CALL NUMBER (RLIN)
-- 460
-- 460
100 1# - MAIN ENTRY--PERSONAL NAME
Personal name Hamaguchi, Chihiro.
245 10 - TITLE STATEMENT
Title Basic semiconductor physics /
Statement of responsibility, etc. Chihiro Hamaguchi.
260 ## - PUBLICATION, DISTRIBUTION, ETC.
Place of publication, distribution, etc. [S.l.] :
Name of publisher, distributor, etc. Springer,
Date of publication, distribution, etc. 2001.
300 ## - PHYSICAL DESCRIPTION
Extent 570 p. ;
Dimensions 24 cm.
942 ## - ADDED ENTRY ELEMENTS (KOHA)
Institution code [OBSOLETE] SNS
Koha item type Book
Call number prefix 537.622 HAN
Holdings
Withdrawn status Lost status Damaged status Not for loan Permanent Location Current Location Date acquired Total Checkouts Full call number Barcode Date last seen Price effective from Koha item type
        School of Natural Sciences (SNS) School of Natural Sciences (SNS) 05/26/2016   537.622 HAN SNS0000394 04/15/2017 05/26/2016 Book
© 2023 Central Library, National University of Sciences and Technology. All Rights Reserved.